Caracterización y propuesta de optimización del sistema de tratamiento de aguas residuales de la urbanización André Challé tercera etapa
Salvato in:
| Autore principale: | |
|---|---|
| Natura: | Libro |
| Pubblicazione: |
San José, C.R.
2003
|
| Soggetti: | |
| Tags: |
Aggiungi Tag
Nessun Tag, puoi essere il primo ad aggiungerne!!
|
MARC
| LEADER | 00000nam a2200000Ia 4500 | ||
|---|---|---|---|
| 003 | 009154 | ||
| 005 | 20221231144148.0 | ||
| 008 | 140114s2003 cr m 000 ||s d | ||
| 040 | |c cru CEDI | ||
| 090 | |a TFG 4695 | ||
| 100 | |a Lizano Yglesias, Ricardo |9 7011 | ||
| 245 | |a Caracterización y propuesta de optimización del sistema de tratamiento de aguas residuales de la urbanización André Challé tercera etapa | ||
| 260 | |c 2003 |a San José, C.R. | ||
| 300 | |a 85 hojas : ilustraciones a color | ||
| 500 | |a Tesis (licenciatura en ingeniería civil)--Universidad de Costa Rica. Escuela de Ingeniería Civil | ||
| 650 | |x PURIFICACION DE AGUAS RESIDUALES |x DISEÑO |x BIODEGRADACION DE AGUAS RESIDUALES |x DISPOSICION DE AGUAS RESIDUALES |x DEPOSITOS DE AGUAS RESIDUALES |x MORAVIA (SAN JOSE, COSTA RICA) |9 7012 | ||
| 942 | |c TFG | ||
| 999 | |c 17786 |d 17786 | ||
